Kozak, Stefan. Polacy i Ukraińcy. - Warszawa : Wydawn. Uniwersytetu Warszawskiego. - 2005 [Rezension]
| Titel: | Kozak, Stefan. Polacy i Ukraińcy. - Warszawa : Wydawn. Uniwersytetu Warszawskiego. - 2005 [Rezension] |
|---|---|
| Verfasser: | |
| In: |
Slavia Occidentalis, Band 63 (2006), Seite 218-219 alle Artikel anzeigen |
| Veröffentlicht: | 2006 |
| Format: | Aufsatz |
| Sprache: | Polnisch |
X
alg: 39511119 001A $01999:12-11-16 001B $01999:04-08-21 $t21:05:09.000 001D $01999:12-11-16 001U $0utf8 001X $00 002@ $0Aox 003@ $0395111196 007A $0395111196 $aHEB 007T $0Herda27351h 010@ $apol 011@ $a2006 021A $aKozak, Stefan. Polacy i Ukraińcy. - Warszawa : Wydawn. Uniwersytetu Warszawskiego. - 2005 [Rezension] 028A $aLewicka $dNatalia 031A $d63 $h218-219 $j2006 039B $aIn $8--Abvc--. Slavia Occidentalis. - Poznań : Wydawn. PTPN, 1921-. - ISSN 0081-0002 $x200600000630000782 $9047502010 039T $8--Aau--Kozak, Stefan$Z1937- [Tp1]. Polacy i Ukraińcy. - Warszawa : Wydawn. Uniwersytetu Warszawskiego, 2005. - 306 S.. - ISBN 83-235-0182-3 $9133917061 045F $a900.9438 $eDDC23BSB 045F/01 $a900 045F/03 $g438 045T $a8,1 $a7,41 $a7,39 lok: 39511119 78 exp: 39511119 78 1 #EPN 201B/01 $018-11-16 $t13:46:47.000 201U/01 $0utf8 203@/01 $079140983X 208@/01 $a12-11-16 $be 209A/01 $a/ $f000 $x00 220C/01 $aHerkunft: PBB/IH PAN 244Z/01 $2Trx $#Poola $#Lenkija $#Polija $#Polen Land $#Poland $#Lengyelország $#Poľsko $#Polsko $8--Trx--Polska$gkraj $x01 $9391345966 244Z/01 $2Trx $#arvustused $#recenzijos $#Reviews $#recenziók $#recenzje $#recenzie $#recenze $8--Trx--Rezensionen $x02 $9391357441 247C/01 $82080>Marburg/Lahn, Herder-Institut, Forschungsbibliothek, Bibliographieportal $9336309341
| LEADER | 00000caa a22000002c 4500 | ||
|---|---|---|---|
| 001 | 395111196 | ||
| 003 | DE-603 | ||
| 005 | 20210804210509.0 | ||
| 007 | tu | ||
| 008 | 161112s2006 xx |||| | u00||u|pol c | ||
| 035 | |a (DE-599)HEB395111196 | ||
| 040 | |a DE-603 |b ger |c DE-603 |d DE-603 | ||
| 041 | |a pol | ||
| 082 | 0 | 4 | |8 1\u |a 900.9438 |q DE-101 |2 23/BSB |
| 084 | |a 8,1 |a 7,41 |a 7,39 |2 ssgn | ||
| 085 | |8 1\u |b 900 | ||
| 085 | |8 1\u |z 2 |s 438 | ||
| 100 | 1 | |a Lewicka, Natalia | |
| 245 | 0 | 0 | |a Kozak, Stefan. Polacy i Ukraińcy. - Warszawa : Wydawn. Uniwersytetu Warszawskiego. - 2005 [Rezension] |
| 264 | 0 | |c 2006 | |
| 773 | 0 | 8 | |i In |t Slavia Occidentalis |d Poznań : Wydawn. PTPN, 1921- |x 0081-0002 |g Band 63 (2006), Seite 218-219 |w (DE-603)047502010 |w (DE-600)339118-8 |
| 787 | 0 | 8 | |i Rezension von |a Kozak, Stefan, 1937- |t Polacy i Ukraińcy |d Warszawa : Wydawn. Uniwersytetu Warszawskiego, 2005 |h 306 S. |z 8323501823 |w (DE-603)133917061 |
| 924 | 0 | |9 2080 |a (DE-603)79140983X |b DE-2080 |c HES |d d |g / | |


